| 000 | 00919cam a2200253 i 4500 | ||
|---|---|---|---|
| 005 | 20191224041650.0 | ||
| 008 | 000704s1999 ck a r 00010 spa d | ||
| 015 | _ack-1999-xxxx | ||
| 020 | _a9589386210 | ||
| 040 |
_ala _cla _dCO-BoIAVH |
||
| 041 | 0 | _aspa | |
| 082 | 0 | 4 |
_a634.9 _bM97a |
| 100 | 1 | _aMurgueitio R., Enrique | |
| 245 | 1 | 0 |
_aAgroforestería para la producción animal sostenible / _cEnrique Murgueitio R., Mauricio Rosales M., María Elena Gómez ; ilustraciones Jairo Larrahondo y (otros cinco ilustradores más). |
| 260 |
_aCali : _bCIPAV, _c1999. |
||
| 300 |
_a67 páginas : _bilustraciones ; _c23 cm. |
||
| 650 | 1 | 4 | _aReforestación. |
| 650 | 2 | 4 | _aProducción animal. |
| 700 | 1 |
_aRosales, Mauricio M., _eautor. |
|
| 700 | 1 |
_aGómez, María Elena, _eautor. |
|
| 700 | 1 |
_aLarrahondo, Jairo, _eilustrador. |
|
| 942 |
_2ddc _cLIBRO |
||
| 949 |
_ac _bn |
||
| 999 |
_c2787 _d2787 |
||